| 000 | 01095nam a2200229Ia 4500 | ||
|---|---|---|---|
| 001 | 9219 | ||
| 003 | GE_BSU | ||
| 008 | 181216s||||||||xx |||||||||||||| ||und|| | ||
| 020 | _a9789941434716 | ||
| 040 | _cGE_BSU | ||
| 080 | _a37.01(479.22)(092)ხოზრევანიძე | ||
| 245 | _aდიმიტრი ხოზრევანიძე-სახელგანთქმული მამულიშვილი ,,ხიხანის საარწივოდან" 100 | ||
| 245 | _bკრებული | ||
| 245 | _cმხატვრულ-ლიტერატურული რედ:სერგო დუმბაძე;ნოდარ ბასაილაძე. | ||
| 260 | _aბათუმი. | ||
| 260 | _bბსუ | ||
| 260 | _c2014 | ||
| 300 | _a100გვ;1ფ.პორტრ;20სმ. | ||
| 653 | _aდიმიტრი ხოზრევანიძე-სახელგანთქმული მამულიშვილი ,,ხიხანის საარწივოდან" 100 | ||
| 653 | _aკრებული | ||
| 942 | _cBK | ||
| 999 |
_c42522 _d42522 |
||